书目信息 |
| 题名: |
人类的视觉
|
|
| 作者: | 荆其诚 , 焦书兰 , 纪桂萍 著 | |
| 分册: | ||
| 出版信息: | 北京 科学出版社 1987 |
|
| 页数: | 182页 | |
| 开本: | 26cm | |
| 丛书名: | ||
| 单 册: | ||
| 中图分类: | R339.14 , Q4 | |
| 科图分类: | ||
| 主题词: | 人类-视觉 , 视觉-人类 , 生理学 | |
| 电子资源: | ||
| ISBN: | ||
| 000 | 00767nam0 2200301 45 | |
| 001 | 0187010487 | |
| 005 | 20040707103954.1 | |
| 010 | @dCNY3.15 | |
| 010 | @b精装@d¥3.15 | |
| 100 | @a19900928d1987 em y0chiy0121 ea | |
| 101 | 0 | @achi |
| 102 | @aCN@b110000 | |
| 105 | @af z 000yy | |
| 106 | @ar | |
| 200 | 10 | @a人类的视觉@Aren lei de shi jiao@f荆其诚等著 |
| 210 | @a北京@c科学出版社@d1987 | |
| 215 | @a182页@c图表@d26cm | |
| 606 | @a人类-视觉 | |
| 606 | @a视觉-人类 | |
| 606 | 0 | @a生理学 |
| 690 | @aR339.14@v3 | |
| 690 | @aQ4@v3 | |
| 701 | 0 | @a荆其诚@Ajing qi cheng@4著 |
| 701 | 0 | @a焦书兰@Ajiao shu lan@4著 |
| 701 | 0 | @a纪桂萍@Aji gui ping@4著 |
| 801 | 0 | @aCN@b深圳图书馆@c20040525 |
| 801 | 2 | @aCN@bNLC@c20040525 |
| 905 | @dQ4@e7@f1@b217503 | |
| 人类的视觉/荆其诚等著.-北京:科学出版社,1987 |
| 182页:图表;26cm |
| ISBN :CNY3.15 |
| ● |
| 相关链接 |
|
|
|
|
正题名:人类的视觉
索取号:Q4/7
 
预约/预借
| 序号 | 登录号 | 条形码 | 馆藏地/架位号 | 状态 | 备注 |
| 1 | 0217503 | 001952827 | 密集书库/ [索取号:Q4/7] | 在馆 | |
| 2 | 0217504 | 000077259 | 第三借阅区/ [索取号:Q4/7] | 在馆 | |
| 3 | 0217505 | 000077268 | 第二样本阅览室/ [索取号:Q4/7] | 在馆 |